La vie de Benito Mussolini - Statistiques

Statistiques générales
  • Ce quiz a été pris 547 fois
    56 depuis la dernière actualisation
  • Le résultat moyen est 10 sur 18
Statistiques - réponses
Indice Réponse % Correct
Guerre au cours de laquelle Mussolini a combattu en tant que soldat Première Guerre mondiale
88%
Dictateur avec lequel Mussolini a signé le pacte d'acier en 1939 Adolf Hitler
83%
Marche qui a mené Mussolini au pouvoir Marche sur {Rome}
79%
Président américain qui décrit Mussolini comme son "seul allié potentiel dans son effort pour sauvegarder la paix mondiale" Franklin D. Roosevelt
75%
Titre, signifiant « chef », donné à Mussolini par ce parti Duce
73%
Surnom de l’aile paramilitaire de ce parti Les {chemises} noires
73%
Il ordonne l’invasion de ce pays africain en 1935 Éthiopie
71%
Parti dirigé par Mussolini Parti national fasciste
71%
Il a été exécuté proche de ce lac d'Italie du nord Lac de Côme
67%
Sport dans lequel s’est fait connaître Romano Floriani Mussolini, son arrière-petit-fils Football
63%
Pays que l'Italie de Mussolini a "pacifié" entre 1923 et 1932 Libye
56%
Pays avec lequel il signe les accords du Latran en 1929 Vatican
52%
Parti politique qui exclut Mussolini en 1914 Parti socialiste italien
50%
Philosophe allemand dont Mussolini reprend la formule “vivre dangereusement” Friedrich Nietzsche
42%
Roi d'Italie pendant le règne de Mussolini Victor-Emmanuel III
42%
Le prénom de Mussolini rend hommage à ce dirigeant mexicain Benito {Juárez}
23%
Après sa chute, Mussolini dirige un régime contrôlé par l’Allemagne dans cette ville du nord de l’Italie Salo
17%
Journal de ce parti qui était dirigé par Mussolini jusqu'en 1914 Avanti!
6%
Aucun quiz correspondant
Distribution des résultats
% des personnes avec chaque résultat
Percentile par nombre de réponses
Votre historique - résultats
Vous n’avez pas pris ce quiz depuis la dernière actualisation